banner-ar

سوسيولوجيا العلاقات الزراعية فى الشرق الاوسط : (Record no. 66098)

MARC details
000 -الفاتح
حقل البيانات ثابتة الطول 01096nam a2200253Ia 4500
005 - وقت وتاريخ اخر تعامل مع التسجيلة
رقم الضبط 20240530110859.0
008 - عناصر البيانات ثابتة الطول - معلومات عامة
حقل البيانات ثابتة الطول 140319s1986 le g b 000 0 ara d
040 ## - مصدر الفهرسة
وكالة الفهرسة الأصلية GCL /
وكالة النسخ GCL
082 04 - رقم تصنيف ديوى العشرى
رقم التصنيف 301.35/
رقم المادة ج س
100 1# - المدخل الرئيسى - إسم شخصى
الإسم الشخصى جلافانيس، كاثى
245 10 - بيان العنوان
العنوان سوسيولوجيا العلاقات الزراعية فى الشرق الاوسط :
بقية العنوان استمرار الانتاج العائلى /
بيان المسئوليه,etc كاثى جلافانيس، باندلى جلافانيس ؛ ترجمة سامى الرزاز
250 ## - بيان الطبعة
بيان الطبعة ط.1
260 ## - PUBLICATION, DISTRIBUTION, ETC. (IMPRINT)
تاريخ النشر أو التوزيع 1986.
300 ## - الوصف المادى
التعداد 150 ص ؛
تفاصيل ماديه اخرى للوعاء 19 سم.
504 ## - تبصرة ببليوجرافية
تبصرة ببليوجرافية,الخ يشتمل على ارجاعات ببليوجرافيه
650 07 - المدخل الاضافى بالموضوع-مصطلح موضوعى
مصطلح موضوعي الانتاج الزراعى
مصدر الرأس أو المصطلح qrmak
650 07 - المدخل الاضافى بالموضوع-مصطلح موضوعى
مصدر الرأس أو المصطلح qrmak
مصطلح موضوعي الانتاج الزراعى
التقسيم الفرعي الجغرافي الشرق الاوسط
650 07 - المدخل الاضافى بالموضوع-مصطلح موضوعى
مصطلح موضوعي الارشاد الزراعى
مصدر الرأس أو المصطلح qrmak
650 07 - المدخل الاضافى بالموضوع-مصطلح موضوعى
مصطلح موضوعي الاتصال الاجتماعى
مصدر الرأس أو المصطلح qrmak
700 1# - المدخل الاضافى - اسم شخصى
الإسم الشخصى جلافانيس، باندلى
الدور مؤلف مشارك
700 1# - المدخل الاضافى - اسم شخصى
الإسم الشخصى سامى الرزاز
الدور مترجم
942 ## - عناصر المدخل الإضافي( كوها)
مصدر التصنيف او مخطط الترفيف Dewey Decimal Classification
Koha [default] item type كتاب
260 ## - PUBLICATION, DISTRIBUTION, ETC. (IMPRINT)
-- بيروت :
-- مؤسسة الابحاث العربية،
Holdings
حالة التراجع حالة الفقد حالة تلف ليس للاعارة المكان المؤقت الموقع الحالى موقع الترفيف تاريخ الاكتساب اجمالي اﻻعارات رقم الطلب الباركود تاريخ اخر مشاهدة تاريخ تفعيل السعر نوع وعاء كوها
        مكتبة القاهرة الكبرى مكتبة القاهرة الكبرى ق الرئيسية_العلوم الاجتماعية_ك عربى 01/31/2022   301.35/ ج س 167323 01/31/2022 01/31/2022 كتاب

Powered By

EGPV